Aquaculture technology and environment / (Record no. 28331)

MARC details
000 -LEADER
fixed length control field 00887nam a22002414a 4500
005 - DATE AND TIME OF LATEST TRANSACTION
control field 2009071606196.0
008 - FIXED-LENGTH DATA ELEMENTS--GENERAL INFORMATION
fixed length control field 081114s2009 ii a 000 0 eng
010 ## - LCCN (DPL NO)
LC control number ENG-94441
020 ## - INTERNATIONAL STANDARD BOOK NUMBER
International Standard Book Number 9788120336414
Terms of availability 295.00
035 ## - SYSTEM CONTROL NUMBER
System control number EN-77975
037 ## - SOURCE OF ACQUISITION
Source of stock number/acquisition DBAD / PUB
040 ## - CATALOGING SOURCE
Original cataloging agency dpl
Language of cataloging English
082 ## - DEWEY DECIMAL CLASSIFICATION NUMBER
Classification number 639.8
100 ## - MAIN ENTRY--PERSONAL NAME
Personal name Jadhav, Ujwala
245 ## - TITLE STATEMENT
Title Aquaculture technology and environment /
Statement of responsibility, etc by Ujwala Jadhav
260 ## - PUBLICATION, DISTRIBUTION, ETC. (IMPRINT)
Place of publication, distribution, etc New Delhi
Name of publisher, distributor, etc PHI Learning
Date of publication, distribution, etc 2009
270 ## - ADDRESS
Address M-97, Connaught Circus
City New Delhi
Postal code 110001
300 ## - PHYSICAL DESCRIPTION
Extent xx, 334p.:
Dimensions 25cm(pbk)
Other physical details ill.
500 ## - GENERAL NOTE
General note Includes bibliographical references and index
650 ## - SUBJECT ADDED ENTRY--TOPICAL TERM
Topical term or geographic name as entry element Aquaculture
942 ## - ADDED ENTRY ELEMENTS (KOHA)
Source of classification or shelving scheme Dewey Decimal Classification
Item type English Books
Call number suffix JAD
Classification part 639.8
Holdings
Withdrawn status Lost status Source of classification or shelving scheme Damaged status Not for loan Collection code Home library Current library Date acquired Source of acquisition Cost, normal purchase price Total Checkouts Full call number Barcode Date last seen Copy number Cost, replacement price Koha item type
    Dewey Decimal Classification   Not For Loan Non-fiction D.B.Act.Division D.B.Act.Division 16/07/2009 DBAD / PUB 295.00   639.8 JAD EN-77974 16/07/2009 1 295.00 English Books

© Delhi Public Library
Hit Counter
free hit counter